00222nam a2200085Ia 4500001000800000005001700008008004100025245005000066260002000116125356720251031150956.0251031s9999 xx 000 0 und d 0cCANAN KUŞ BÜYÜKTAŞaY-7 BABÜR ŞAH bERDEM YAYINLARI